Estadísticas para Países con el Mayor Número de Prisioneros

Haz click aquí para intentar la prueba.

Estadísticas generales

  • Esta prueba ha sido intentada 1.448 veces
    (931 desde el último reinicio)
  • La puntuación promedio es 16 de 20

Estadísticas de respuestas

PrisionerosPaís% Correcto
2,121,600Estados Unidos
99%
1,649,804China
98%
595,728Rusia
95%
682,901Brasil
94%
204,749México
93%
419,623India
92%
116,058Colombia
86%
249,419Indonesia
79%
230,000Irán
79%
(175,000)Corea del Norte
78%
(106,000)Egipto
76%
83,718Pakistán
76%
158,111Sudáfrica
73%
232,179Turquía
70%
343,657Tailandia
69%
83,430Reino Unido
68%
85,727Perú
66%
115,035Vietnam
64%
178,661Filipinas
58%
113,727Etiopía
51%

Distribución de puntuación

Porcentaje por número respondido

Porcentaje de gente con cada puntuación

Historial de tus puntuaciones

No has intentado esta prueba desde el último reinicio